000 00952nam a2200301Ia 4500
001 B3296
003 IT-RoPAU
008 130308s9999 xx 000 0 und d
040 _aIT-RoPAU
040 _cIT-RoPAU
041 _aFRANCESE
100 _aRicoeur Paul
100 _gCodice Aut. SPICS: 2052
245 _aPaternitè (La): du fantasme au symbole
245 _bAnalyse Du Langage Theologique (L'): le Nom de Dieu
250 _a1a ed.
260 _aPARIS
260 _bAubier Montaigne
260 _c1969 [1° Ed.:1969 - Ed.Ling.Originale:1969]
300 _a"26 p. (prefazione: no ; testo: 26 [pagine: 221-246])"
500 _aPaternita': dal fantasma al Simbolo. Figura del padre in una Economia del Desiderio e nella fenomenologia Dello Spirito. Dialettica della Paternità Divina.
650 _aPASTORALE E CULTURE
650 _eCodice materia Spics: 9302
942 _cBK
957 _71
999 _c64322
_d64322
999 _bSI
999 _g1